000 00679nam a2200217 a 4500
001 000023091
005 20200930022000.0
008 101126s2001 sp r 000 | spa d
020 _a8466301895
040 _aDO-SdBNP
_bspa
_cBNPHU
082 _axxx
_bM642v
245 1 3 _aEl Vaticano contra Dios :
_bvia col vento in Vaticano /
_cMilenarios; traducción de Ma. Antonia Menini.
250 _a2a ed.
260 _aBarcelona :
_bB,
_c2001.
300 _a531 p. ;
_c18 cm.
534 _aTítulo original :
_tVia col vento in Vaticano
500 _aInclue una lista de la colección
610 _aMilenarios
_947539
700 1 _aMenini, Ma. Antonia
_etr.
_944484
049 _aBNGR
999 _c22588
_d22588